000 00705nam a2200289Ia 4500
005 20260324122255.0
008 008 260324s9999 xx 000 0 eng d
020 _a9781315577913
037 _aEBOOK
040 _aCRL
040 _beng
040 _cCRL
041 _2eng
041 _aeng
084 _qCRL
100 _aAllison Hayes-Conroy
_91165814
245 0 _aDoing Nutrition Differently
245 0 _bCritical Approaches to Diet and Dietary Intervention
260 _bTaylor and Francis
260 _c2013
365 _a
365 _b255
856 _uhttp://www.taylorfrancis.com/books/9781315577913
942 _cEBOOK
999 _c1758414
_d1758414